| 000 | 00408nam a2200169Ia 4500 | ||
|---|---|---|---|
| 003 | 0STCL | ||
| 008 | 150530s9999 xx 000 0 und d | ||
| 040 |
_aSTCL _cSTCL |
||
| 100 | _aBrown, J.L.; Howard, L.R. | ||
| 245 | _aPrinciples and practice of management accountancy | ||
| 250 | _aThird | ||
| 260 |
_bELBS _c1975 |
||
| 546 | _aEnglish | ||
| 942 |
_2ddc _cBK |
||
| 999 |
_c42551 _d42551 |
||
| 005 | 20220125170554.0 | ||